|
|
|
|
| LEADER |
00000cam a22000004a 4500 |
| 001 |
musev2_95413 |
| 003 |
MdBmJHUP |
| 005 |
20230905053152.0 |
| 006 |
m o d |
| 007 |
cr||||||||nn|n |
| 008 |
981113s1999 nju o 00 0 eng d |
| 010 |
|
|
|z 98051550
|
| 020 |
|
|
|a 9780813526935
|
| 020 |
|
|
|z 0813526930
|
| 040 |
|
|
|a MdBmJHUP
|c MdBmJHUP
|
| 100 |
1 |
|
|a Craske, Nikki.
|
| 245 |
1 |
0 |
|a Women and Politics in Latin America /
|c Nikki Craske.
|
| 264 |
|
1 |
|a New Brunswick, NJ :
|b Rutgers University Press,
|c 1999.
|
| 264 |
|
3 |
|a Baltimore, Md. :
|b Project MUSE,
|c 0000
|
| 264 |
|
4 |
|c ©1999.
|
| 300 |
|
|
|a 1 online resource (256 pages).
|
| 336 |
|
|
|a text
|b txt
|2 rdacontent
|
| 337 |
|
|
|a computer
|b c
|2 rdamedia
|
| 338 |
|
|
|a online resource
|b cr
|2 rdacarrier
|
| 505 |
0 |
0 |
|g 1.
|t Argument --
|g 2.
|t Women and Political Identity in Latin America --
|g 3.
|t Setting the Scene --
|g 4.
|t Formal Political Representation: Governments, Parties and Bureaucracies --
|g 5.
|t Impact of Work on Political Identity --
|g 6.
|t Social Movements: Consumer and Human Rights Organizations --
|g 7.
|t Revolutionary Empowerment? --
|g 8.
|t Feminisms in Latin America --
|g 9.
|t Conclusions: Politics: an Ambivalent Experience.
|
| 588 |
|
|
|a Description based on print version record.
|
| 650 |
1 |
7 |
|a Politieke participatie.
|2 gtt
|
| 650 |
1 |
7 |
|a Vrouwen.
|2 gtt
|
| 650 |
|
7 |
|a Politische Beteiligung
|2 gnd
|
| 650 |
|
7 |
|a Frau
|2 gnd
|
| 650 |
|
7 |
|a Women
|x Political activity.
|2 fast
|0 (OCoLC)fst01734136
|
| 650 |
|
7 |
|a 89.57 political participation.
|0 (NL-LeOCL)077609034
|2 bcl
|
| 650 |
|
6 |
|a Femmes
|x Activite politique
|z Amerique latine.
|
| 650 |
|
0 |
|a Women
|x Political activity
|z Latin America.
|
| 651 |
|
7 |
|a Lateinamerika
|2 gnd
|
| 651 |
|
7 |
|a Latin America.
|2 fast
|0 (OCoLC)fst01245945
|
| 655 |
|
7 |
|a Electronic books.
|2 local
|
| 710 |
2 |
|
|a Project Muse.
|e distributor
|
| 830 |
|
0 |
|a Book collections on Project MUSE.
|
| 856 |
4 |
0 |
|z Texto completo
|u https://projectmuse.uam.elogim.com/book/95413/
|
| 945 |
|
|
|a Project MUSE - Custom Collection
|